[Event "Titled Tuesday 2022.07.12 Early"]
[Site "chess.com INT"]
[Date "2022.07.12"]
[Round "8"]
[White "Hansen, Eric"]
[Black "Mikhailovsky, Vladimir"]
[Result "1-0"]
[WhiteElo "2606"]
[BlackElo "2215"]
[PlyCount "89"]
[GameId "2130307573636806"]
[EventDate "2022.07.12"]
[EventType "swiss (blitz)"]
[EventRounds "11"]
[EventCountry "NET"]
[SourceTitle "The Week in Chess 1445"]
[Source "Mark Crowther"]
[SourceDate "2022.07.18"]
[SourceVersion "1"]
[SourceVersionDate "2022.07.18"]
[SourceQuality "2"]

1. e4 Nf6 2. e5 Nd5 3. c4 Nb6 4. d4 d6 5. exd6 exd6 6. Bd3 Be7 7. Nc3 O-O 8. Nge2 Bg4 9. O-O Nc6 10. h3 Bh5 11. Be3 Re8 12. b3 Bf6 13. Qd2 d5 14. Nf4 dxc4 15. bxc4 Bg6 16. c5 Nd7 17. Nxg6 hxg6 18. Bc4 Nf8 19. Rad1 Qd7 20. Nd5 Rad8 21. Qc2 Ne7 22. Nxe7+ Rxe7 23. d5 Be5 24. Qb3 b6 25. Rfe1 bxc5 26. Bxc5 Bd6 27. Bxa7 c5 28. Bb6 Rb8 29. a4 Rxe1+ 30. Rxe1 Bc7 31. a5 Qd6 32. Bxc7 Qxc7 33. Qa3 Nd7 34. a6 Ne5 35. Bf1 Ra8 36. Qg3 f6 37. f4 Nf7 38. Qxg6 Qxf4 39. Re7 Rf8 40. a7 Qd4+ 41. Kh1 Qa1 42. Kh2 c4 43. Bxc4 Qa3 44. Bd3 Qxe7 45. Qh7# 1-0

[Event "Titled Tuesday 2022.07.12 Early"]
[Site "chess.com INT"]
[Date "2022.07.12"]
[Round "11"]
[White "Seo, Jung Min"]
[Black "Hansen, Eric"]
[Result "0-1"]
[WhiteElo "2492"]
[BlackElo "2606"]
[PlyCount "86"]
[GameId "2130307573640993"]
[EventDate "2022.07.12"]
[EventType "swiss (blitz)"]
[EventRounds "11"]
[EventCountry "NET"]
[SourceTitle "The Week in Chess 1445"]
[Source "Mark Crowther"]
[SourceDate "2022.07.18"]
[SourceVersion "1"]
[SourceVersionDate "2022.07.18"]
[SourceQuality "2"]

1. e4 c5 2. Nf3 e6 3. c3 Nf6 4. e5 Nd5 5. d4 cxd4 6. cxd4 b6 7. Bd3 Bb7 8. O-O d6 9. Qe2 Nd7 10. Nbd2 Nf4 11. Qe3 Nxd3 12. Qxd3 dxe5 13. dxe5 Nc5 14. Qb5+ Qd7 15. Qxd7+ Kxd7 16. Ng5 Ke8 17. Nc4 f6 18. exf6 gxf6 19. Nf3 Rg8 20. Kh1 Rd8 21. Be3 Nd3 22. Rad1 Rd5 23. b3 b5 24. Ncd2 a6 25. Ne4 Be7 26. Nc3 Rd7 27. Ne2 e5 28. Ng3 Bxf3 29. gxf3 Kf7 30. Nf5 Rgd8 31. Rd2 Bb4 32. Rc2 Ke6 33. Ng3 f5 34. Ne2 f4 35. Bc1 Rd6 36. a3 Ba5 37. b4 Bb6 38. Nc3 Rc6 39. Kg2 Rg8+ 40. Kh1 Nxf2+ 41. Rfxf2 Bxf2 42. Rxf2 Rxc3 43. Rf1 Rc2 0-1

[Event "Titled Tuesday 2022.07.12 Late"]
[Site "chess.com INT"]
[Date "2022.07.12"]
[Round "4"]
[White "Hansen, Eric"]
[Black "Yurovskykh, Oleksandr"]
[Result "1-0"]
[WhiteElo "2606"]
[BlackElo "2328"]
[PlyCount "73"]
[GameId "2130307573649321"]
[EventDate "2022.07.12"]
[EventType "swiss (blitz)"]
[EventRounds "11"]
[EventCountry "NET"]
[SourceTitle "The Week in Chess 1445"]
[Source "Mark Crowther"]
[SourceDate "2022.07.18"]
[SourceVersion "1"]
[SourceVersionDate "2022.07.18"]
[SourceQuality "2"]

1. e4 d5 2. exd5 Qxd5 3. Nc3 Qd8 4. d4 Nf6 5. Nf3 Bg4 6. h3 Bxf3 7. Qxf3 c6 8. Qd3 e6 9. g3 Nbd7 10. Bg2 Bd6 11. O-O O-O 12. Rd1 Qc7 13. Ne4 Nxe4 14. Qxe4 Nf6 15. Qf3 e5 16. Bg5 Nd7 17. dxe5 Nxe5 18. Qf5 Ng6 19. h4 h6 20. h5 hxg5 21. hxg6 Rad8 22. Qxg5 fxg6 23. Qxg6 Rf6 24. Qg4 Rdf8 25. Rd2 Qb6 26. Rf1 Bc5 27. Qc4+ R8f7 28. Be4 Bf8 29. Kg2 Qc5 30. Qd3 g5 31. Qe2 Kg7 32. Rh1 Qe5 33. Rh7+ Kg8 34. Rxf7 Kxf7 35. Bg6+ Ke6 36. Qg4+ Ke7 37. Qd7# 1-0

[Event "Titled Tuesday 2022.07.12 Late"]
[Site "chess.com INT"]
[Date "2022.07.12"]
[Round "7"]
[White "Yuan, Qingyu"]
[Black "Hansen, Eric"]
[Result "1/2-1/2"]
[WhiteElo "2373"]
[BlackElo "2606"]
[PlyCount "274"]
[GameId "2130307573649442"]
[EventDate "2022.07.12"]
[EventType "swiss (blitz)"]
[EventRounds "11"]
[EventCountry "NET"]
[SourceTitle "The Week in Chess 1445"]
[Source "Mark Crowther"]
[SourceDate "2022.07.18"]
[SourceVersion "1"]
[SourceVersionDate "2022.07.18"]
[SourceQuality "2"]

1. e4 c5 2. Nf3 e6 3. b3 Nf6 4. e5 Nd5 5. Bb2 Nc6 6. Nc3 Nxc3 7. dxc3 d5 8. exd6 Qxd6 9. Qe2 Bd7 10. g3 Be7 11. Rd1 Qc7 12. Bg2 O-O 13. O-O Rfd8 14. c4 Be8 15. h4 h6 16. Ne5 Nd4 17. Bxd4 cxd4 18. Qe4 Bf6 19. Ng4 Be7 20. Rxd4 Rxd4 21. Qxd4 Bc5 22. Qe5 Qb6 23. Rd1 Rc8 24. Qe2 Qc7 25. Ne5 a6 26. Kh2 b5 27. cxb5 axb5 28. c4 Bd6 29. Nf3 bxc4 30. bxc4 Ba4 31. Rc1 Bc5 32. Nd2 Rb8 33. Ne4 Ba3 34. Rc3 Rb2 35. Qe3 Bb4 36. Rc1 Rxa2 37. c5 Bc6 38. Qd4 Ba5 39. Ra1 e5 40. Qd1 Rxa1 41. Qxa1 Bxe4 42. Bxe4 Qxc5 43. Kg2 Bb6 44. Qb2 h5 45. Qc2 g6 46. Qxc5 Bxc5 47. Bd5 Kg7 48. Kf3 f5 49. Kg2 e4 50. f4 Kf6 51. Bc6 Ke7 52. Kf1 Bb4 53. Ba4 Ba5 54. Bb5 Bb6 55. Ba4 Bd4 56. Bb5 Be3 57. Ba4 Kf6 58. Bb5 Bb6 59. Be8 Kg7 60. Kg2 Bc5 61. Kf1 Bd4 62. Kg2 Bc3 63. Kf1 Bd2 64. Kg2 Be1 65. Kh2 Kf6 66. Kg2 Kg7 67. Bb5 Kf7 68. Ba4 Ke7 69. Bb5 Kd6 70. Be8 Ke6 71. Bxg6 Kf6 72. Bxh5 Bc3 73. Be2 Bb4 74. Kf2 Bc5+ 75. Kg2 Be3 76. Bd1 Bd2 77. Bb3 Be1 78. Bc4 Kg6 79. Be2 Kf6 80. Bf1 Kg6 81. Bc4 Kf6 82. Bb5 Kg6 83. Bd7 Kf6 84. h5 Bb4 85. Bc8 Bf8 86. Bb7 Bg7 87. Bc6 Bf8 88. Be8 Bg7 89. Bg6 Bf8 90. Kf2 Bc5+ 91. Ke2 Bb4 92. Ke3 Bc5+ 93. Ke2 Bb4 94. Kf1 Bc5 95. Kg2 Bf8 96. Kf2 Bc5+ 97. Kf1 Bb4 98. Kg2 Bc5 99. g4 fxg4 100. Bxe4 Bf8 101. Kg3 Bh6 102. Kxg4 Bg7 103. Bg6 Bh6 104. Bc2 Bg7 105. Bb3 Bh6 106. Ba2 Bg7 107. Bb1 Bh6 108. Be4 Bg7 109. f5 Bh6 110. Kf3 Bg7 111. Kf4 Bh6+ 112. Kg4 Bg7 113. Bc2 Bh6 114. Kf3 Bg7 115. Ke4 Bh6 116. Bd1 Bg7 117. Bg4 Bh6 118. Kd5 Bg7 119. Kd6 Bh6 120. Kd7 Bg7 121. Ke8 Bh6 122. Bh3 Bg7 123. Kd8 Bh6 124. Kd7 Bg7 125. Kd6 Bh6 126. Kd5 Bg7 127. Ke4 Bh6 128. Kf3 Bg7 129. Kg4 Bh6 130. Kh4 Bg7 131. Kg4 Bh6 132. Kg3 Bg7 133. Kf3 Bh6 134. Ke4 Bg7 135. Kd5 Bh6 136. Kc4 Bg7 137. Kd4 Bh6 1/2-1/2

[Event "Titled Tuesday 2022.07.12 Late"]
[Site "chess.com INT"]
[Date "2022.07.12"]
[Round "8"]
[White "Hansen, Eric"]
[Black "Gokerkan, Cem Kaan"]
[Result "1-0"]
[WhiteElo "2606"]
[BlackElo "2465"]
[PlyCount "87"]
[GameId "2130307573649453"]
[EventDate "2022.07.12"]
[EventType "swiss (blitz)"]
[EventRounds "11"]
[EventCountry "NET"]
[SourceTitle "The Week in Chess 1445"]
[Source "Mark Crowther"]
[SourceDate "2022.07.18"]
[SourceVersion "1"]
[SourceVersionDate "2022.07.18"]
[SourceQuality "2"]

1. Nf3 Nf6 2. g3 g6 3. Bg2 Bg7 4. O-O O-O 5. b3 d5 6. Bb2 c5 7. e3 Nc6 8. Ne5 Qc7 9. Nxc6 bxc6 10. d3 a5 11. Nc3 e5 12. Na4 Nd7 13. c4 Bb7 14. Ba3 Rfd8 15. Rc1 d4 16. Nxc5 dxe3 17. fxe3 Bf8 18. Nxb7 Qxb7 19. Bxf8 Nxf8 20. Qc2 a4 21. Rb1 axb3 22. axb3 Ne6 23. b4 Qb6 24. Qf2 Ra7 25. Rfd1 Ra3 26. Bf1 h5 27. b5 cxb5 28. Rxb5 Qc7 29. Qf6 e4 30. d4 Rxe3 31. d5 Rf3 32. Qh4 Qa7+ 33. Kh1 Qa4 34. Rbb1 Rd7 35. Qxe4 Ng5 36. Qe5 Nh7 37. Rb8+ Nf8 38. Rxf8+ Kxf8 39. Qh8+ Ke7 40. Re1+ Kd6 41. Qe5+ Kc5 42. d6+ Kb4 43. c5 Qc6 44. Bg2 1-0

[Event "Titled Tuesday 2022.07.12 Late"]
[Site "chess.com INT"]
[Date "2022.07.12"]
[Round "10"]
[White "Shuvalova, Polina"]
[Black "Hansen, Eric"]
[Result "0-1"]
[WhiteElo "2498"]
[BlackElo "2606"]
[PlyCount "60"]
[GameId "2130307573653612"]
[EventDate "2022.07.12"]
[EventType "swiss (blitz)"]
[EventRounds "11"]
[EventCountry "NET"]
[SourceTitle "The Week in Chess 1445"]
[Source "Mark Crowther"]
[SourceDate "2022.07.18"]
[SourceVersion "1"]
[SourceVersionDate "2022.07.18"]
[SourceQuality "2"]

1. e4 c5 2. Nf3 e6 3. g3 Nc6 4. Bg2 d6 5. O-O Nf6 6. Qe2 e5 7. c3 Be7 8. Rd1 O-O 9. d4 cxd4 10. cxd4 Bg4 11. dxe5 Nxe5 12. Nc3 Rc8 13. Bf4 Qa5 14. Rac1 a6 15. Kh1 Rfe8 16. h3 Be6 17. Nd4 Bc4 18. Qe3 Bf8 19. b3 Be6 20. Nxe6 Rxe6 21. Nd5 Nxd5 22. Rxd5 Rxc1+ 23. Qxc1 Qxa2 24. Qe3 h6 25. Qb6 Nd3 26. Be3 Ne1 27. Qxb7 Qb1 28. Kh2 Nxg2 29. Kxg2 Qxe4+ 30. Kg1 Re5 0-1

[Event "Chess.com RCC Wk20 Swiss"]
[Site "chess.com INT"]
[Date "2022.07.09"]
[Round "1"]
[White "Shuvalova, Polina"]
[Black "Hansen, Eric"]
[Result "0-1"]
[WhiteElo "2498"]
[BlackElo "2606"]
[PlyCount "108"]
[GameId "2130307573741641"]
[EventDate "2022.07.09"]
[EventType "swiss (rapid)"]
[EventRounds "9"]
[EventCountry "NET"]
[SourceTitle "The Week in Chess 1444"]
[Source "Mark Crowther"]
[SourceDate "2022.07.11"]
[SourceVersion "1"]
[SourceVersionDate "2022.07.11"]
[SourceQuality "2"]

1. e4 e5 2. Nf3 Nc6 3. Bc4 Bc5 4. c3 Nf6 5. d4 exd4 6. cxd4 Bb4+ 7. Nbd2 d5 8. exd5 Nxd5 9. O-O O-O 10. Ne4 h6 11. a3 Be7 12. h3 Be6 13. Bb5 Nf6 14. Nc3 Qd6 15. Re1 Rfd8 16. Be3 a6 17. Bd3 Bf8 18. Rc1 Ne7 19. Bb1 c6 20. Na4 Bf5 21. Nc5 Qc7 22. Ba2 Ned5 23. Qb3 Rab8 24. Ne5 Bd6 25. Rcd1 Bxc5 26. dxc5 Qxe5 27. Bd4 Qf4 28. Be5 Qg5 29. Bxb8 Rxb8 30. Re5 Nd7 31. Ree1 Be6 32. Qf3 Nxc5 33. b4 Nd7 34. Bb3 N7f6 35. Ba2 Ra8 36. Bc4 b5 37. Bb3 a5 38. bxa5 Rxa5 39. Bc2 g6 40. Bb1 Kg7 41. Rc1 Qd2 42. Qg3 Qb2 43. Rcd1 Qxa3 44. Rd3 Qb4 45. Rdd1 Qf4 46. Qd3 Bf5 47. Qb3 Bxb1 48. Rxb1 c5 49. g3 Qa4 50. Qf3 c4 51. Re5 Qc2 52. Rbe1 Qd2 53. Rd1 Qc3 54. Rexd5 Qxf3 0-1

[Event "Chess.com RCC Wk20 Swiss"]
[Site "chess.com INT"]
[Date "2022.07.09"]
[Round "4"]
[White "Hansen, Eric"]
[Black "Abdusattorov, Nodirbek"]
[Result "0-1"]
[WhiteElo "2606"]
[BlackElo "2688"]
[PlyCount "164"]
[GameId "2130307573741650"]
[EventDate "2022.07.09"]
[EventType "swiss (rapid)"]
[EventRounds "9"]
[EventCountry "NET"]
[SourceTitle "The Week in Chess 1444"]
[Source "Mark Crowther"]
[SourceDate "2022.07.11"]
[SourceVersion "1"]
[SourceVersionDate "2022.07.11"]
[SourceQuality "2"]

1. e4 c5 2. Nf3 Nc6 3. Bb5 g6 4. Bxc6 bxc6 5. O-O Bg7 6. c3 Nf6 7. Re1 O-O 8. h3 e5 9. d4 cxd4 10. cxd4 d5 11. dxe5 Nxe4 12. Nbd2 Nxd2 13. Bxd2 c5 14. b4 c4 15. Bg5 Qd7 16. Bf6 Bb7 17. Qd4 Qe6 18. Ng5 Qb6 19. Qh4 h6 20. Nf3 c3 21. Bxg7 Kxg7 22. a4 Rac8 23. a5 Qd8 24. Qd4 Rc4 25. Qxa7 Qa8 26. Qb6 Qa6 27. Qe3 Rfc8 28. Nd4 Rxd4 29. Qxd4 Rc4 30. Qb6 Qxb6 31. axb6 d4 32. e6 fxe6 33. Ra7 d3 34. Rxb7+ Kf6 35. Rd7 d2 36. Rf1 Rxb4 37. Rd3 Rb1 38. Rxb1 c2 39. Rf1 c1=Q 40. b7 Qb2 41. Rxd2 Qxb7 42. Re1 h5 43. Rde2 Kg7 44. Rxe6 Kh6 45. Re7 Qd5 46. R7e4 Qc5 47. h4 Qc3 48. g3 Qd3 49. R1e3 Qd1+ 50. Kg2 Qd5 51. Re2 Qc6 52. R2e3 Qd5 53. Re2 Kg7 54. f3 Kh6 55. Re5 Qd3 56. Re8 Qd4 57. R2e7 Qb2+ 58. Kh3 Qa1 59. Kg2 Qb2+ 60. Re2 Qa1 61. R8e6 Qb2 62. Re7 Qc3 63. R2e3 Qd2+ 64. Re2 Qd6 65. R2e3 Qd5 66. Re2 Qc5 67. Re8 Qc3 68. R8e4 Qf6 69. Re7 Qa1 70. R7e6 Qb1 71. Re7 Qb8 72. R7e4 Qb3 73. Re7 Qb1 74. R2e6 Qd1 75. Re2 Qd6 76. R2e6 Qa3 77. Re2 Qc5 78. R2e6 Qf5 79. Re2 Qb1 80. R2e6 Qb4 81. Re2 Qxe7 82. Re6 Qa3 0-1

[Event "Chess.com RCC Wk20 Swiss"]
[Site "chess.com INT"]
[Date "2022.07.09"]
[Round "7"]
[White "Ivic, Velimir"]
[Black "Hansen, Eric"]
[Result "1/2-1/2"]
[WhiteElo "2581"]
[BlackElo "2606"]
[PlyCount "204"]
[GameId "2130307573741658"]
[EventDate "2022.07.09"]
[EventType "swiss (rapid)"]
[EventRounds "9"]
[EventCountry "NET"]
[SourceTitle "The Week in Chess 1444"]
[Source "Mark Crowther"]
[SourceDate "2022.07.11"]
[SourceVersion "1"]
[SourceVersionDate "2022.07.11"]
[SourceQuality "2"]

1. e4 e5 2. Nf3 Nc6 3. Bb5 a6 4. Ba4 Nf6 5. O-O Be7 6. Re1 b5 7. Bb3 d6 8. c3 O-O 9. h3 Na5 10. Bc2 c5 11. d4 Qc7 12. d5 Nd7 13. b3 Nb6 14. Nbd2 Nb7 15. Nf1 f6 16. g4 g6 17. Ng3 Nd8 18. Nh2 Nf7 19. h4 c4 20. b4 a5 21. h5 Kg7 22. Kg2 Bd7 23. Rh1 Rh8 24. a3 Ng5 25. Nf3 Nf7 26. h6+ Kf8 27. Ng1 Ke8 28. Be3 Bd8 29. Nh3 Rf8 30. Qe2 Qc8 31. f3 Qb7 32. Rhb1 a4 33. f4 exf4 34. Bxf4 Ne5 35. Nf2 Nc8 36. Rf1 Bb6 37. Rae1 Qa7 38. g5 fxg5 39. Bxe5 dxe5 40. Ng4 Rf4 41. Nxe5 Rh4 42. Rh1 Nd6 43. Nf3 Rg4 44. Ne5 Rh4 45. Ref1 Kd8 46. Nxd7 Qxd7 47. e5 Ne8 48. Qf3 Rf4 49. Qd1 Nc7 50. e6 Qd6 51. Ne4 Qe5 52. e7+ Ke8 53. Rxf4 gxf4 54. d6 Nd5 55. Qf3 Ra7 56. Re1 Be3 57. Kh1 Rd7 58. Rxe3 Nxe3 59. Nf6+ Kf7 60. e8=Q+ Kxf6 61. Qxe5+ Kxe5 62. Qe4+ Kxd6 63. Qxf4+ Ke7 64. Qxe3+ Kf7 65. Qc5 Rd2 66. Be4 Ke6 67. Bd5+ Rxd5 68. Qc6+ Ke5 69. Qe8+ Kf4 70. Qf7+ Rf5 71. Qxh7 Rh5+ 72. Kg2 Kg5 73. Qe7+ Kxh6 74. Qf8+ Kg5 75. Qe7+ Kf5 76. Kf2 Kf4 77. Qe8 Rh2+ 78. Kg1 Ra2 79. Qxb5 Kg3 80. Qg5+ Kf3 81. Qxg6 Ra1+ 82. Kh2 Ra2+ 83. Kh3 Ke3 84. Qg4 Kd3 85. Qd4+ Kc2 86. Qxc4 Rxa3 87. b5 Ra1 88. Qe4+ Kd2 89. b6 Ra3 90. Qg2+ Ke1 91. b7 Rxc3+ 92. Kh2 Rb3 93. b8=Q Rxb8 94. Qg3+ Kd2 95. Qxb8 a3 96. Qa8 a2 97. Qxa2+ Kc1 98. Qa3+ Kd1 99. Qe7 Kd2 100. Kg3 Kc3 101. Kf3 Kb2 102. Qe4 Ka3 1/2-1/2

[Event "Titled Tuesday 2022.06.28 Late"]
[Site "chess.com INT"]
[Date "2022.06.28"]
[Round "6"]
[White "Schekachikhin, Maksim"]
[Black "Hansen, Eric"]
[Result "1-0"]
[WhiteElo "2423"]
[BlackElo "2606"]
[PlyCount "89"]
[GameId "2130307574395339"]
[EventDate "2022.06.28"]
[EventType "swiss (blitz)"]
[EventRounds "11"]
[EventCountry "NET"]
[SourceTitle "The Week in Chess 1443"]
[Source "Mark Crowther"]
[SourceDate "2022.07.04"]
[SourceVersion "1"]
[SourceVersionDate "2022.07.04"]
[SourceQuality "2"]

1. d4 Nf6 2. c4 e6 3. Nc3 Bb4 4. e3 O-O 5. Bd3 b6 6. Nge2 Bb7 7. O-O c5 8. a3 Ba5 9. Bd2 Nc6 10. Rb1 Qe7 11. Qc2 Rac8 12. Rfd1 Rfd8 13. d5 Ne5 14. e4 a6 15. Bg5 exd5 16. Nxd5 Bxd5 17. exd5 Nxd3 18. Rxd3 b5 19. Ng3 Re8 20. Re3 Qd6 21. Nf5 Qb6 22. Ne7+ Rxe7 23. Rxe7 h6 24. Bxf6 Qxf6 25. Qe4 Kf8 26. Rxd7 Re8 27. Qf3 Qg6 28. Rd1 bxc4 29. g3 Kg8 30. Kg2 Re5 31. d6 Rf5 32. Qe2 Qf6 33. Re7 Kh7 34. f4 g6 35. Re5 c3 36. bxc3 Bxc3 37. Rxf5 gxf5 38. d7 Ba5 39. Qe5 Qc6+ 40. Qd5 Qb5 41. Qxf5+ Kg7 42. Qe5+ Kg6 43. d8=Q Bxd8 44. Rxd8 Qc6+ 45. Kh3 1-0

[Event "Titled Tuesday 2022.06.21 Early"]
[Site "chess.com INT"]
[Date "2022.06.21"]
[Round "7"]
[White "Sovetbekova, Nurai"]
[Black "Hansen, Eric"]
[Result "0-1"]
[WhiteElo "1693"]
[BlackElo "2606"]
[PlyCount "66"]
[GameId "2130307574710393"]
[EventDate "2022.06.21"]
[EventType "swiss (blitz)"]
[EventRounds "11"]
[EventCountry "NET"]
[SourceTitle "The Week in Chess 1442"]
[Source "Mark Crowther"]
[SourceDate "2022.06.27"]
[SourceVersion "2"]
[SourceVersionDate "2022.06.28"]
[SourceQuality "2"]

1. d4 Nf6 2. c4 e6 3. g3 Bb4+ 4. Nd2 O-O 5. Bg2 d5 6. Qc2 c5 7. Ngf3 cxd4 8. Nxd4 e5 9. N4f3 e4 10. Nd4 Nc6 11. Nxc6 bxc6 12. a3 Ba5 13. O-O e3 14. fxe3 Ng4 15. Nf3 Re8 16. b4 Bb6 17. c5 Bc7 18. Nd4 Bd7 19. Qc3 h5 20. h3 Bxg3 21. hxg4 hxg4 22. Nf5 Be5 23. Qc2 Bxa1 24. Bb2 Bxb2 25. Qxb2 Bxf5 26. Rxf5 Rxe3 27. Kf2 Re6 28. b5 Qh4+ 29. Kf1 Rae8 30. bxc6 g6 31. Rxd5 Rf6+ 32. Kg1 Qf2+ 33. Kh1 Rxe2 0-1

[Event "Titled Tuesday 2022.06.21 Early"]
[Site "chess.com INT"]
[Date "2022.06.21"]
[Round "9"]
[White "Hansen, Eric"]
[Black "Legenia, Artem"]
[Result "1-0"]
[WhiteElo "2606"]
[BlackElo "2092"]
[PlyCount "193"]
[GameId "2130307574710441"]
[EventDate "2022.06.21"]
[EventType "swiss (blitz)"]
[EventRounds "11"]
[EventCountry "NET"]
[SourceTitle "The Week in Chess 1442"]
[Source "Mark Crowther"]
[SourceDate "2022.06.27"]
[SourceVersion "2"]
[SourceVersionDate "2022.06.28"]
[SourceQuality "2"]

1. e4 e5 2. Nf3 Nc6 3. Bc4 d6 4. c3 Be7 5. d4 Nf6 6. O-O O-O 7. Re1 Bg4 8. d5 Nb8 9. h3 Bh5 10. Nbd2 c6 11. dxc6 bxc6 12. Bf1 Nbd7 13. Qa4 Qc7 14. Nh4 Bg6 15. Nxg6 hxg6 16. Nf3 d5 17. Ng5 a5 18. Qc2 a4 19. Be3 Rfe8 20. Rad1 Nc5 21. exd5 cxd5 22. b3 axb3 23. axb3 Nce4 24. Nxe4 Nxe4 25. Rxd5 Nxc3 26. Rd2 Ra2 27. Qc1 Rxd2 28. Bxd2 Bb4 29. Bc4 Na2 30. Qb2 Qa5 31. Bxb4 Qxb4 32. Ra1 Nc3 33. Ra7 Rf8 34. Qc2 Nb5 35. Ra4 Qc3 36. Qxc3 Nxc3 37. Ra5 e4 38. Ra7 Rd8 39. Rxf7 Kh7 40. Rf4 Rd1+ 41. Kh2 g5 42. Rf5 Kg6 43. Re5 Rd2 44. Kg3 Kf6 45. Re6+ Kf5 46. Re7 Kf6 47. Rf7+ Kg6 48. Rc7 Nd1 49. Rf7 Nb2 50. Re7 Nxc4 51. bxc4 Rd4 52. c5 Rc4 53. Re5 Kf6 54. Rd5 Kg6 55. Rd6+ Kf5 56. Rd5+ Kg6 57. Kh2 Kf6 58. g3 Kg6 59. Kg1 Rc2 60. Kf1 Kf6 61. Ke1 Kg6 62. g4 Kf6 63. Rf5+ Kg6 64. Kd1 Rc4 65. Kd2 Ra4 66. Ke3 Rc4 67. Re5 Kh6 68. Kd2 Kg6 69. Rf5 Kh6 70. Ke2 Kg6 71. Rd5 Kh6 72. Rd6+ Kh7 73. c6 Rc3 74. Kd2 Rc4 75. Ke3 Kg8 76. Re6 Kh7 77. Kd2 Kg8 78. Rd6 Kh8 79. Ke3 Kh7 80. Rd5 Rc3+ 81. Kxe4 Rxc6 82. Rxg5 Rc2 83. f4 Rh2 84. Rh5+ Kg6 85. Kf3 Rh1 86. Kg3 Rg1+ 87. Kh4 Rf1 88. Rg5+ Kf6 89. f5 Rh1 90. Rg6+ Kf7 91. Ra6 Rf1 92. Ra3 Re1 93. Kg5 Rh1 94. h4 Re1 95. h5 Rh1 96. Ra7+ Kg8 97. Kg6 1-0

[Event "Titled Tuesday 2022.06.21 Late"]
[Site "chess.com INT"]
[Date "2022.06.21"]
[Round "3"]
[White "Makarian, Rudik"]
[Black "Hansen, Eric"]
[Result "0-1"]
[WhiteElo "2534"]
[BlackElo "2606"]
[PlyCount "82"]
[GameId "2130307574718815"]
[EventDate "2022.06.21"]
[EventType "swiss (blitz)"]
[EventRounds "11"]
[EventCountry "NET"]
[SourceTitle "The Week in Chess 1442"]
[Source "Mark Crowther"]
[SourceDate "2022.06.27"]
[SourceVersion "2"]
[SourceVersionDate "2022.06.28"]
[SourceQuality "2"]

1. d3 d5 2. f4 Nc6 3. Nf3 Bg4 4. Nbd2 e6 5. e3 Bc5 6. d4 Bd6 7. c3 Nce7 8. h3 Bxf3 9. Nxf3 c5 10. Bb5+ Nc6 11. O-O Nge7 12. Qe2 O-O 13. Bd3 Qc7 14. Bd2 cxd4 15. cxd4 Qb6 16. Ne5 Rad8 17. Bc3 Bb4 18. Bxb4 Nxb4 19. Bb1 f6 20. Qh5 Nf5 21. g4 fxe5 22. gxf5 exf5 23. fxe5 g6 24. Qg5 Kh8 25. Rf2 Rc8 26. a3 Rc1+ 27. Kg2 Nd3 28. Bxd3 Rxa1 29. h4 Rd1 30. Be2 Rd2 31. Qe7 Qd8 32. Qb4 Rc2 33. Kg3 Rf7 34. Qb3 Rfc7 35. Bf3 Rxf2 36. Kxf2 Qxh4+ 37. Kg2 Qg5+ 38. Kf2 f4 39. Qxd5 Rc2+ 40. Kf1 fxe3 41. Qd6 Rf2+ 0-1

[Event "Chess.com RCC Wk17 Swiss"]
[Site "chess.com INT"]
[Date "2022.06.04"]
[Round "2"]
[White "Deac, Bogdan Daniel"]
[Black "Hansen, Eric"]
[Result "1-0"]
[WhiteElo "2683"]
[BlackElo "2606"]
[PlyCount "49"]
[GameId "2130307575182067"]
[EventDate "2022.06.04"]
[EventType "swiss (rapid)"]
[EventRounds "9"]
[EventCountry "NET"]
[SourceTitle "The Week in Chess 1439"]
[Source "Mark Crowther"]
[SourceDate "2022.06.06"]
[SourceVersion "1"]
[SourceVersionDate "2022.06.06"]
[SourceQuality "2"]

1. d4 Nf6 2. c4 e6 3. Nf3 d5 4. Nc3 Be7 5. g3 O-O 6. Bg2 c6 7. O-O Nbd7 8. b3 b6 9. Qd3 Ba6 10. e4 Rc8 11. Rd1 dxc4 12. bxc4 b5 13. cxb5 cxb5 14. e5 Rxc3 15. Qxc3 Nd5 16. Qb3 N7b6 17. Bf1 Nc4 18. a4 Na5 19. Qd3 Nb4 20. Qb1 Bb7 21. Bg2 Qa8 22. Ng5 Bxg5 23. Bxb7 Qxb7 24. Qxb4 Bd8 25. Ba3 1-0

[Event "Chess.com RCC Wk17 Swiss"]
[Site "chess.com INT"]
[Date "2022.06.04"]
[Round "4"]
[White "Hansen, Eric"]
[Black "Rakhmanov, Ale"]
[Result "0-1"]
[WhiteElo "2606"]
[BlackElo "2635"]
[PlyCount "130"]
[GameId "2130307575182079"]
[EventDate "2022.06.04"]
[EventType "swiss (rapid)"]
[EventRounds "9"]
[EventCountry "NET"]
[SourceTitle "The Week in Chess 1439"]
[Source "Mark Crowther"]
[SourceDate "2022.06.06"]
[SourceVersion "1"]
[SourceVersionDate "2022.06.06"]
[SourceQuality "2"]

1. d4 Nf6 2. c4 d6 3. Nc3 e5 4. e4 exd4 5. Qxd4 Be7 6. Be2 O-O 7. Nf3 Bg4 8. h3 Bh5 9. O-O Nc6 10. Qd1 Re8 11. Be3 Bg6 12. Nd2 Bf8 13. Bd3 Nb4 14. Bb1 c6 15. a3 Na6 16. Bd4 Nc5 17. Re1 Ne6 18. Be3 d5 19. exd5 cxd5 20. Bxg6 hxg6 21. cxd5 Nxd5 22. Nxd5 Qxd5 23. Nf3 Red8 24. Qxd5 Rxd5 25. Rac1 a6 26. Kf1 Rad8 27. Ke2 Be7 28. Rc4 f5 29. Kf1 Bf6 30. Bb6 Re8 31. Rb4 Kf7 32. a4 g5 33. g3 Re7 34. Rc1 Rd3 35. Kg2 Red7 36. Be3 R3d5 37. Rc8 Be7 38. Rb6 f4 39. Bc1 Bc5 40. Rb3 b6 41. a5 bxa5 42. Rc6 Bb4 43. Rc4 Rf5 44. Re4 Kf6 45. Rc4 Rb5 46. Nh2 Rdd5 47. Nf3 Rdc5 48. Rxc5 Nxc5 49. Rxb4 axb4 50. Bd2 Nd3 51. b3 a5 52. Nd4 Rd5 53. Nf3 a4 54. bxa4 b3 55. Bc3+ Ke6 56. g4 b2 57. Nd2 b1=Q 58. Nxb1 Ne1+ 59. Bxe1 f3+ 60. Kxf3 Rd1 61. Kg2 Rxe1 62. Nc3 Rb1 63. Kf3 Rg1 64. Ke2 Rg3 65. Kf1 Re3 0-1

[Event "Chess.com RCC Wk17 Swiss"]
[Site "chess.com INT"]
[Date "2022.06.04"]
[Round "5"]
[White "Kobo, Ori"]
[Black "Hansen, Eric"]
[Result "0-1"]
[WhiteElo "2534"]
[BlackElo "2606"]
[PlyCount "118"]
[GameId "2130307575182086"]
[EventDate "2022.06.04"]
[EventType "swiss (rapid)"]
[EventRounds "9"]
[EventCountry "NET"]
[SourceTitle "The Week in Chess 1439"]
[Source "Mark Crowther"]
[SourceDate "2022.06.06"]
[SourceVersion "1"]
[SourceVersionDate "2022.06.06"]
[SourceQuality "2"]

1. d4 Nf6 2. c4 e6 3. Nc3 Bb4 4. e3 O-O 5. Bd3 d5 6. cxd5 exd5 7. a3 Bxc3+ 8. bxc3 c5 9. Ne2 b6 10. O-O Ba6 11. f3 Re8 12. Ng3 h5 13. e4 cxd4 14. Bxa6 Nxa6 15. cxd4 dxe4 16. Bg5 e3 17. Qe2 Nc7 18. Nxh5 Ncd5 19. Rac1 Qd6 20. Bxf6 Nxf6 21. Nxf6+ Qxf6 22. Rfd1 Rad8 23. d5 Qe5 24. Rc4 Rxd5 25. Re4 Rxd1+ 26. Qxd1 e2 27. Qxe2 Qc5+ 28. Kf1 Rxe4 29. Qxe4 Qxa3 30. Qa8+ Kh7 31. Qe4+ g6 32. Qh4+ Kg8 33. Qd8+ Qf8 34. Qc7 Qa8 35. h4 a5 36. h5 gxh5 37. Qg3+ Kh7 38. Qg5 a4 39. Qxh5+ Kg7 40. Qg5+ Kf8 41. Qh6+ Ke7 42. Qxb6 a3 43. Qc5+ Ke6 44. Qb6+ Kf5 45. Qc5+ Kg6 46. Qd6+ f6 47. Qd3+ Kg5 48. Qd2+ Kh5 49. g4+ Kg6 50. Qd3+ Kg7 51. Qd7+ Kh8 52. Qf5 Qa6+ 53. Kg2 a2 54. Qd7 Qe2+ 55. Kg3 a1=Q 56. Qd8+ Kg7 57. Qd7+ Kf8 58. Qd8+ Qe8 59. Qd6+ Qe7 0-1